| Tag |
First Indicator |
Second Indicator |
Subfields |
| LEADER |
00000cam a2200000 a 4500 |
| 001 |
in00001332995 |
| 005 |
20151006052308.0 |
| 008 |
960919s1997 njua 001 0 eng |
| 010 |
|
|
|a 96046133
|
| 020 |
|
|
|a 0132353008
|
| 035 |
|
|
|a (OCoLC)35658030
|
| 035 |
|
|
|9 AHF8735AM
|
| 040 |
|
|
|a DLC
|c DLC
|d UtOrBLW
|
| 049 |
|
|
|a TXAM
|
| 050 |
0 |
0 |
|a TD883.17
|b .M64 1997
|
| 082 |
0 |
0 |
|a 628.5/3
|2 20
|
| 100 |
1 |
|
|a Moffat, Donald W.,
|d 1925-
|
| 245 |
1 |
0 |
|a Handbook of indoor air quality management /
|c Donald W. Moffat.
|
| 246 |
3 |
0 |
|a Indoor air quality management
|
| 264 |
|
1 |
|a Englewood Cliffs, NJ :
|b Prentice Hall,
|c [1997]
|
| 264 |
|
4 |
|c ©1997
|
| 300 |
|
|
|a xxii, 506 pages :
|b illustrations ;
|c 25 cm.
|
| 336 |
|
|
|a text
|b txt
|2 rdacontent
|
| 337 |
|
|
|a unmediated
|b n
|2 rdamedia
|
| 338 |
|
|
|a volume
|b nc
|2 rdacarrier
|
| 500 |
|
|
|a Includes index.
|
| 650 |
|
0 |
|a Indoor air pollution.
|
| 650 |
|
0 |
|a Air quality management.
|
| 650 |
|
0 |
|a Industrial management
|x Environmental aspects.
|
| 999 |
|
|
|a MARS
|
| 999 |
f |
f |
|s 7cafe2c1-c803-3d06-8b2c-2615864e4a4f
|i 7bfc8de8-cddf-3e74-8fc1-c4b47190d045
|t 0
|
| 952 |
f |
f |
|p ric
|a Texas A&M University
|b Rellis Campus
|c Joint Library Facility
|d Remote Storage
|t 0
|e TD883.17 .M64 1997
|h Library of Congress classification
|i unmediated -- volume
|m A14821355750
|
| 998 |
f |
f |
|a TD883.17 .M64 1997
|t 0
|l Remote Storage
|